<?xml version="1.0" encoding="UTF-8"?>
<record
    xmlns:xsi="http://www.w3.org/2001/XMLSchema-instance"
    xsi:schemaLocation="http://www.loc.gov/MARC21/slim http://www.loc.gov/standards/marcxml/schema/MARC21slim.xsd"
    xmlns="http://www.loc.gov/MARC21/slim">

  <leader>00860nmm a22002177a 4500</leader>
  <controlfield tag="005">20160217090157.0</controlfield>
  <controlfield tag="008">160216b        xxu||||| |||| 00| 0 spa d</controlfield>
  <datafield tag="041" ind1=" " ind2=" ">
    <subfield code="a">eng</subfield>
  </datafield>
  <datafield tag="110" ind1=" " ind2=" ">
    <subfield code="a">Oc&#xE9;ano Multimedia</subfield>
    <subfield code="9">3769</subfield>
  </datafield>
  <datafield tag="245" ind1=" " ind2=" ">
    <subfield code="a">Educaci&#xF3;n y crecimiento padres 10: juegos de aprendizaje</subfield>
  </datafield>
  <datafield tag="260" ind1=" " ind2=" ">
    <subfield code="b">Oc&#xE9;ano Multimedia</subfield>
    <subfield code="c">2011</subfield>
  </datafield>
  <datafield tag="300" ind1=" " ind2=" ">
    <subfield code="a">1 CD-ROM</subfield>
    <subfield code="e">Received along with book.</subfield>
  </datafield>
  <datafield tag="500" ind1=" " ind2=" ">
    <subfield code="a">Este disco compacto contiene juegos interactivos de inteligencia y l&#xF3;gica dise&#xF1;ados para ni&#xF1;os. Los juegos ejercitan la rapidez mental, la observaci&#xF3;n, la concentraci&#xF3;n, capacidad verbal, c&#xE1;lculo, entre otros.</subfield>
  </datafield>
  <datafield tag="650" ind1=" " ind2=" ">
    <subfield code="a">JUEGOS INTERACTIVOS</subfield>
    <subfield code="9">4449</subfield>
  </datafield>
  <datafield tag="650" ind1=" " ind2=" ">
    <subfield code="a">JUEGOS DE INTELIGENCIA</subfield>
    <subfield code="9">4450</subfield>
  </datafield>
  <datafield tag="650" ind1=" " ind2=" ">
    <subfield code="a">JUEGOS DE L&#xD3;GICA</subfield>
    <subfield code="9">4451</subfield>
  </datafield>
  <datafield tag="650" ind1=" " ind2=" ">
    <subfield code="a">JUEGOS CON N&#xDA;MEROS</subfield>
    <subfield code="9">4497</subfield>
  </datafield>
  <datafield tag="650" ind1=" " ind2=" ">
    <subfield code="a">JUEGOS CON PALABRAS</subfield>
    <subfield code="9">4498</subfield>
  </datafield>
  <datafield tag="650" ind1=" " ind2=" ">
    <subfield code="a">ROMPECABEZAS</subfield>
    <subfield code="9">4454</subfield>
  </datafield>
  <datafield tag="942" ind1=" " ind2=" ">
    <subfield code="c">CD</subfield>
  </datafield>
  <datafield tag="999" ind1=" " ind2=" ">
    <subfield code="c">7655</subfield>
    <subfield code="d">7655</subfield>
  </datafield>
  <datafield tag="952" ind1=" " ind2=" ">
    <subfield code="0">1</subfield>
    <subfield code="1">0</subfield>
    <subfield code="2">ddc</subfield>
    <subfield code="4">1</subfield>
    <subfield code="7">0</subfield>
    <subfield code="a">BACB</subfield>
    <subfield code="b">BACB</subfield>
    <subfield code="d">2016-02-16</subfield>
    <subfield code="l">1</subfield>
    <subfield code="o">734 DC</subfield>
    <subfield code="p">734DC</subfield>
    <subfield code="r">2019-04-23 00:00:00</subfield>
    <subfield code="s">2019-03-11</subfield>
    <subfield code="w">2016-02-16</subfield>
    <subfield code="y">CD</subfield>
  </datafield>
</record>
